| 000 | 00642nam a22002297a 4500 | ||
|---|---|---|---|
| 005 | 20170124110217.0 | ||
| 010 | _a077832 | ||
| 020 | _c00.00 | ||
| 035 | _a077832 | ||
| 037 | _bCen Lib/Ret | ||
| 040 |
_aDPL _bEN |
||
| 082 |
_a793.31 _bROW |
||
| 100 |
_aRow, Leela _939206 |
||
| 245 |
_aNritta manjari : _cby Leela Row _bthe 62 fundamental sequences of Bharata natyam / |
||
| 246 | _b | ||
| 260 |
_bIndian Society of Oriental Art _aCalcutta _c1948 |
||
| 270 | _bCalcutta | ||
| 300 |
_axiii,120p. : _c25cm(Hb) _bill. |
||
| 650 |
_aBharata natyam _939207 |
||
| 650 |
_aDance _939208 |
||
| 942 |
_2ddc _cEN _h793.31 _mROW |
||
| 999 |
_c133897 _d133897 |
||